Ciudades de Eurocopa 2012 - Estadísticas

Estadísticas generales
  • Esta prueba ha sido intentada 22 veces
  • La puntuación promedio es 5 de 8
Estadísticas de respuestas
Imagen Respuesta % Correcto
Varsovia
100%
Kiev
95%
Gdańsk
67%
Donetsk
62%
Járkov
43%
Poznań
38%
Leópolis
29%
Breslavia
24%
No se encontraron pruebas coincidentes
Distribución de puntuación
Porcentaje de gente con cada puntuación
Porcentaje por número respondido
Historial de tus puntuaciones
No has intentado esta prueba.